Od reklamy k integrovanej marketingovej komunikácii

Vývoj marketingovej komunikácie. Pojmové vymedzenie reklamy a jej ciele. Reklama ako súčasť propagácie a propagácia ako súčasť marketingu. Druhy marketingovej komunikácie. Integrovaná marketingová komunikácia. Príklady na integrovaný model komunikačných aktivít. Hlavné zásady integrovanej komunikáci...

Descrizione completa

Salvato in:
Dettagli Bibliografici
Autore principale: Horňák, Pavel
Natura: Capitolo di libro
Lingua:slovacco
Soggetti:
Tags: Aggiungi Tag
Nessun Tag, puoi essere il primo ad aggiungerne!!

MARC

LEADER 00000naa a2200000 4500
001 r045234
005 20231004100204.3
041 0 |a slo 
044 |a CZ 
245 1 0 |a Od reklamy k integrovanej marketingovej komunikácii  |c Pavel Horňák 
520 |a Vývoj marketingovej komunikácie. Pojmové vymedzenie reklamy a jej ciele. Reklama ako súčasť propagácie a propagácia ako súčasť marketingu. Druhy marketingovej komunikácie. Integrovaná marketingová komunikácia. Príklady na integrovaný model komunikačných aktivít. Hlavné zásady integrovanej komunikácie. 
610 2 0 |a komunikácia marketingová 
610 2 0 |a reklama 
610 2 0 |a propagácia 
610 2 0 |a agentúry 
610 2 0 |a mienka verejná 
610 2 0 |a kampane reklamné 
100 1 |a Horňák, Pavel